Anthem of the Soviet Union - Государственный гимн СССР - Statistics

General Stats
  • This quiz has been taken 4 times
  • The average score is 4 of 33
Answer Stats
Lyrics % Correct
Soyuz
75%
Soyuz!
75%
respublik
50%
Rus'.
50%
nashe
25%
nerrushimyy
25%
Otechestvo
25%
Slav'sya,
25%
Splotila
25%
Da
0%
Druzhby
0%
kommunizma
0%
Lenina -
0%
moguchiy
0%
nadyozhny
0%
narodnaya
0%
narodov
0%
narodov
0%
Nask
0%
naveki
0%
oplot!
0%
Partiya
0%
sila
0%
Sovetskiy
0%
sozdanny
0%
svobodnoye,
0%
svobodnykh
0%
torzhestvu
0%
vedyot!
0%
velikaya
0%
voley
0%
Yedinyy,
0%
zdravstvuyet
0%
No matching quizzes found
Score Distribution
Percent of People with Each Score
Percentile by Number Answered
Your Score History
You have not taken this quiz